| 000 | 00354pab a2200145 454500 | ||
|---|---|---|---|
| 008 | 180718b1991 xxu||||| |||| 00| 0 eng d | ||
| 100 | _aHora, Anita | ||
| 245 |
_aIndia and European Economic Community _b1992 |
||
| 260 | _c1991 | ||
| 300 | _a186-96 | ||
| 362 | _aMar. | ||
| 650 | _aEuropean Economic Community | ||
| 773 | _aMonthly Review | ||
| 909 | _a7837 | ||
| 999 |
_c7837 _d7837 |
||